000 00706cab a2200241 4500
001 WB2302-26
008 090401t1987 xxu||||| |||| 00| 0 eng d
035 _a(Sirsi) u73427
041 _aeng
245 _aSeabed rent dispute
260 _c1987
300 _a(see also WB2248-22, WB2249-31)
350 _a0
490 _aFinancial Times
_v5/1/87 p4
520 _aThe Crown Estate Commissioners have postponed plans to increase rents for fish farmers on the Scottish coast and a six month consultation period has been agreed.
650 _aFORESHORE
650 _aMARINE RESOURCES
650 _aSCOTLAND
650 _aSEABED ESTATES
690 _aLAND
942 _n0
948 _c04/03/1997
999 _c46420
_d46420